000 03220nkm0a2200553 4500
001 RU\NLR\BIBL_A\022633059
005 20251202113224.0
035 _a(NLR Aleph) 022633059
071 5 0 _d8 коп.
090 _a88881
_c88881
100 _a20250929d1943 u y0rusy50 ca
101 0 _arus
102 _aRU
116 _adiyaxx bk ae
135 _acrcn 024anaba
181 0 _ab4
_bxb2e
182 0 _an
200 1 _a[Атака советской кавалерии]
_eвоинское
_e[закрытое письмо]
203 _aИзображение
_bнеподвижное
_bдвухмерное
_bвизуальное
_cнепосредственное
210 _a[Москва]
_cВоениздат НКО СССР
_d[1943?
_eМосква]
_gТипография газеты "Правда"
215 _a1 л. (слож. вдвое)
_cцинкогр.
_d21,3х15,6 (10,8х15,6)
300 _aНа закрытом письме также текст: "Смерть немецким оккупантам!", сведения о заказчике: "По заказу Военкнижторга"
300 _aЦенз. разрешение: Г-110429
300 _aВ вып. дан.: Заказ № 1241
309 _aДвойной формуляр, без клеевой полосы
325 _aКопия доступна в Электрон. б-ке РНБ
327 0 _aСоветские кавалеристы, скачущие с шашками наголо; в небе советские военные самолеты
606 1 _aПочтовые открытки маркированные художественные
_yСССР
_z1941 - 1945
_2nlr_sh2
_3RU\NLR\AUTH\661531868
606 1 _aВеликая Отечественная война
_z1941 - 1945
_xКавалерийские операции
_jОткрытки
_2nlr_sh2
_3RU\NLR\AUTH\6601647850
606 1 _aЛошади
_jОткрытки
_2nlr_sh1
_2nlr_sh2
_3RU\NLR\AUTH\6672490
610 1 _aЗакрытые письма
686 1 _aЩ153(2)7-489
712 0 2 _aВоениздат
_cМосква
_3RU\NLR\AUTH\8810147525
_4650
712 0 2 _a"Правда", газета
_cМосква
_bТипография им. Сталина
_3RU\NLR\AUTH\889977807
_4610
712 0 2 _a"Военкнижторг", контора
_cМосква
_3RU\NLR\AUTH\880592869
_4570
830 _aДатировка - по номеру цензурного разрешения. Ср.: БЗ 022379930 - ценз. разрешение: Г 110079; БЗ 022367148 - ценз. разрешение: Г111326. АЯ ОЭФ
852 0 0 _aNLR
_bЭ
_jО-ЗП-3/1943-6
_mЭот101022
856 0 _uhttps://vivaldi.nlr.ru/lo500030002/view
856 1 _uhttps://vivaldi.nlr.ru/lo500030002/cover
856 2 _uhttps://vivaldi.nlr.ru/lo500030002/text
942 _cVISUAL
945 _aРоссийская национальная библиотека
980 _aNB
980 _aBV
981 1 7 _a(17) Изографические материалы
_b(17) Открытки